000 01502cam a2200373 i 4500
001 21331787
003 GBCCL
005 20250224140607.0
008 191210s2019 ii b 000 0 eng
020 _a9789351483618
_q(paperback)
020 _a9351483614
025 _aI-E-2019346786 ; 13-90 ; 03 ; 05
037 _bLibrary of Congress -- New Delhi Overseas Office
040 _aDLC
_beng
_erda
_cDLC
_dDLC
082 _a149.97
_bDES 1
100 1 _aDesbruslais, Cyril,
_d1940-
_eauthor.
245 1 0 _aPostmodernity :
_ban Indian Christian philosophical appraisal /
_cCyril Desbruslais, SJ ; edited by Kuruvilla Pandikattu, SJ.
250 _aFirst edition.
264 1 _aPune :
_bJnana-Deepa Vidyapeeth & Christian World Imprints,
_c2019.
300 _axii, 107 pages ;
_c23 cm.
336 _atext
_btxt
_2rdacontent
337 _aunmediated
_bn
_2rdamedia
338 _avolume
_bnc
_2rdacarrier
490 0 _aJDV philosophy series ;
_v4
500 _a"Published with the help of the Institute of Missiology - Germany"--Title page verso.
504 _aIncludes bibliographical references (pages 105-107).
650 0 _aPostmodernism.
650 0 _aPostmodernism
_xReligious aspects
_xChristianity.
700 1 _aPandikattu, Kuruvila,
_eeditor.
710 2 _aJnana-Deepa Vidyapeeth,
_epublisher.
906 _a7
_bcbc
_corigode
_d3
_encip
_f20
_gy-gencatlg
942 _2ddc
_cBK
_n0
999 _c10642
_d10642